[Event "Mayors Cup"]
[Site "Mumbai IND"]
[Date "2010.06.06"]
[Round "6"]
[White "Kovalyov, Anton"]
[Black "Ovetchkin, Roman"]
[Result "1-0"]
[WhiteElo "2615"]
[BlackElo "2519"]
[PlyCount "121"]
[GameId "2129405078635138"]
[EventDate "2010.06.02"]
[EventType "swiss"]
[EventRounds "11"]
[EventCountry "IND"]
[SourceTitle "The Week in Chess 813"]
[Source "Mark Crowther"]
[SourceDate "2010.06.07"]
[SourceVersion "1"]
[SourceVersionDate "2010.06.07"]
[SourceQuality "2"]

1. c4 e5 2. g3 Nf6 3. Bg2 c6 4. d4 Bb4+ 5. Bd2 Bxd2+ 6. Qxd2 e4 7. d5 cxd5 8. cxd5 O-O 9. Nc3 Re8 10. Qd4 e3 11. fxe3 d6 12. Nf3 Ng4 13. e4 Ne5 14. Rc1 Na6 15. O-O Bd7 16. Nxe5 Rxe5 17. Nd1 Qb6 18. Qxb6 axb6 19. Nf2 Ree8 20. Rc3 Rec8 21. Rfc1 Rxc3 22. Rxc3 Rc8 23. Rxc8+ Bxc8 24. Nd3 f6 25. Kf2 Kf7 26. Ke3 Ke7 27. Kd4 Bd7 28. Bf3 Nc5 29. Nf2 Kd8 30. Bg4 Be8 31. Nd1 g6 32. Ne3 h5 33. Bf3 Nd7 34. Kc3 Ne5 35. Kb4 Bd7 36. Nc2 Kc7 37. Nd4 Kd8 38. h4 Kc7 39. Nc2 Kd8 40. Ne1 Kc7 41. Nd3 Bh3 42. Nf4 Bd7 43. Bg2 Kb8 44. Bf3 Kc7 45. Kc3 Kd8 46. Kd4 Kc7 47. Bg2 Bb5 48. Bh3 Kb8 49. b3 Kc7 50. Ke3 Be8 51. Ne6+ Kb8 52. Ng7 Bb5 53. a4 Bd7 54. Bxd7 Nxd7 55. b4 Ne5 56. Ne8 g5 57. Nxd6 gxh4 58. gxh4 Ng6 59. Ne8 Nxh4 60. Nxf6 Ng2+ 61. Kf2 1-0

[Event "Mayors Cup"]
[Site "Mumbai IND"]
[Date "2010.06.06"]
[Round "7"]
[White "Kokarev, Dmitry"]
[Black "Kovalyov, Anton"]
[Result "1-0"]
[WhiteElo "2612"]
[BlackElo "2615"]
[PlyCount "95"]
[GameId "2129405078635164"]
[EventDate "2010.06.02"]
[EventType "swiss"]
[EventRounds "11"]
[EventCountry "IND"]
[SourceTitle "The Week in Chess 813"]
[Source "Mark Crowther"]
[SourceDate "2010.06.07"]
[SourceVersion "1"]
[SourceVersionDate "2010.06.07"]
[SourceQuality "2"]

1. e4 c5 2. Nf3 d6 3. d4 cxd4 4. Nxd4 Nf6 5. Nc3 a6 6. Bg5 Nbd7 7. f4 Qc7 8. Qf3 h6 9. Bxf6 Nxf6 10. f5 Qc5 11. O-O-O g5 12. fxg6 Bg4 13. gxf7+ Kxf7 14. Qd3 Bxd1 15. Nxd1 e6 16. g3 Re8 17. Nc3 b5 18. Kb1 Bg7 19. Bh3 Qh5 20. Bg2 Nd7 21. Nce2 Qc5 22. Bh3 Ne5 23. Qd1 Nc4 24. c3 Qe5 25. Rf1+ Bf6 26. Rf4 Kg7 27. Nc1 Nxb2 28. Kxb2 b4 29. Qg4+ Kh7 30. Ncb3 bxc3+ 31. Kc2 Rhg8 32. Qe2 Bg7 33. Qc4 d5 34. exd5 exd5 35. Qd3+ Kh8 36. Qg6 Qe1 37. Bf1 Re4 38. Bd3 Rge8 39. Bxe4 Rxe4 40. Rxe4 dxe4 41. Qxa6 Qf2+ 42. Ne2 Qf3 43. Qc4 e3 44. Nxc3 Bxc3 45. Qxc3+ Kg8 46. Qc4+ Kg7 47. Nc1 Qf5+ 48. Kb2 1-0

[Event "Mayors Cup"]
[Site "Mumbai IND"]
[Date "2010.06.09"]
[Round "10"]
[White "Kovalyov, Anton"]
[Black "Laxman, Rajaram"]
[Result "1-0"]
[WhiteElo "2615"]
[BlackElo "2476"]
[PlyCount "75"]
[GameId "2129405078635234"]
[EventDate "2010.06.02"]
[EventType "swiss"]
[EventRounds "11"]
[EventCountry "IND"]
[SourceTitle "The Week in Chess 814"]
[Source "Mark Crowther"]
[SourceDate "2010.06.14"]
[SourceVersion "1"]
[SourceVersionDate "2010.06.14"]
[SourceQuality "2"]

1. c4 e5 2. g3 Nf6 3. Bg2 c6 4. d4 exd4 5. Qxd4 d5 6. Nf3 Be7 7. cxd5 Qxd5 8. Qa4 O-O 9. Nc3 Qh5 10. h3 Na6 11. g4 Qc5 12. O-O Nc7 13. e4 Be6 14. Be3 Qc4 15. Qc2 Nb5 16. Nd2 Nd4 17. Qd1 Qd3 18. Rc1 Rfd8 19. Re1 Qa6 20. f4 b5 21. f5 Bc8 22. e5 Ne8 23. Bxd4 Rxd4 24. Qc2 Qb6 25. Kh1 Bb7 26. Nb3 Rc4 27. Nd2 Rd4 28. Nf3 Rf4 29. Qd2 Rc4 30. e6 f6 31. Qd7 Kf8 32. Qd3 Rd8 33. Qe2 Ba6 34. Ne4 Rxc1 35. Rxc1 Nd6 36. Nc5 Nxf5 37. gxf5 Bxc5 38. Nh4 1-0

[Event "SCS op"]
[Site "Bhubaneswar IND"]
[Date "2010.05.22"]
[Round "2"]
[White "Abhishek, Das"]
[Black "Kovalyov, Anton"]
[Result "0-1"]
[WhiteElo "2331"]
[BlackElo "2615"]
[PlyCount "71"]
[GameId "2129405078963374"]
[EventDate "2010.05.22"]
[EventType "swiss"]
[EventRounds "11"]
[EventCountry "IND"]
[SourceTitle "The Week in Chess 812"]
[Source "Mark Crowther"]
[SourceDate "2010.05.31"]
[SourceVersion "1"]
[SourceVersionDate "2010.05.30"]
[SourceQuality "2"]

1. e4 c5 2. Nf3 d6 3. d4 cxd4 4. Nxd4 Nf6 5. Nc3 a6 6. a4 Nc6 7. Be2 e5 8. Nf3 h6 9. O-O Be6 10. Re1 Rc8 11. h3 Be7 12. Bf1 O-O 13. Nd5 Bxd5 14. exd5 Nb4 15. c4 a5 16. g4 Nd7 17. Bd2 Nc5 18. Bxb4 axb4 19. Qc2 Bg5 20. Bd3 Qf6 21. Kg2 g6 22. Rh1 b3 23. Qb1 Qf4 24. Nxg5 Qxg5 25. Be2 Qd2 26. Re1 Ra8 27. Qc1 Qxc1 28. Rexc1 Nxa4 29. Ra3 Nc5 30. Rca1 Ra6 31. Bd1 Rfa8 32. f3 Rxa3 33. bxa3 Ra4 34. Be2 Kg7 35. Kf2 Rxa3 36. Rxa3 0-1

[Event "SCS op"]
[Site "Bhubaneswar IND"]
[Date "2010.05.23"]
[Round "3"]
[White "Kovalyov, Anton"]
[Black "Prathamesh, Sunil Mokal"]
[Result "1-0"]
[WhiteElo "2615"]
[BlackElo "2411"]
[PlyCount "77"]
[GameId "2129405078963411"]
[EventDate "2010.05.22"]
[EventType "swiss"]
[EventRounds "11"]
[EventCountry "IND"]
[SourceTitle "The Week in Chess 812"]
[Source "Mark Crowther"]
[SourceDate "2010.05.31"]
[SourceVersion "1"]
[SourceVersionDate "2010.05.30"]
[SourceQuality "2"]

1. c4 c5 2. Nf3 Nc6 3. Nc3 e5 4. g3 g6 5. Bg2 Bg7 6. O-O d6 7. a3 Nge7 8. b4 O-O 9. Rb1 Rb8 10. d3 h6 11. e3 Be6 12. b5 Na5 13. Bd2 f5 14. Qa4 e4 15. Ne1 b6 16. Ne2 exd3 17. Nf4 Bf7 18. Bxa5 bxa5 19. Nexd3 Qb6 20. Qc2 a6 21. a4 Qa7 22. Nb2 g5 23. Nfd3 Nc8 24. Ra1 Nb6 25. Ra2 Rfc8 26. f4 d5 27. fxg5 dxc4 28. g6 cxd3 29. gxf7+ Qxf7 30. Nxd3 axb5 31. axb5 Nc4 32. Rxf5 Qxf5 33. Qxc4+ Kh8 34. Be4 Qg5 35. Nf4 Rb6 36. Rxa5 Rd8 37. Ra6 Rxa6 38. bxa6 Be5 39. Qf7 1-0

[Event "SCS op"]
[Site "Bhubaneswar IND"]
[Date "2010.05.25"]
[Round "6"]
[White "Turov, Maxim"]
[Black "Kovalyov, Anton"]
[Result "1/2-1/2"]
[WhiteElo "2624"]
[BlackElo "2615"]
[PlyCount "50"]
[GameId "2129405078963491"]
[EventDate "2010.05.22"]
[EventType "swiss"]
[EventRounds "11"]
[EventCountry "IND"]
[SourceTitle "The Week in Chess 812"]
[Source "Mark Crowther"]
[SourceDate "2010.05.31"]
[SourceVersion "1"]
[SourceVersionDate "2010.05.30"]
[SourceQuality "2"]

1. Nf3 e6 2. c4 b6 3. g3 Nf6 4. Bg2 c6 5. O-O d5 6. cxd5 cxd5 7. Nc3 Be7 8. d4 O-O 9. Bf4 Nc6 10. Rc1 Bb7 11. Ne5 Rc8 12. Qa4 a6 13. Nxc6 Rxc6 14. Nb1 Qa8 15. Rxc6 Bxc6 16. Qc2 Rc8 17. Rc1 Qb7 18. Bg5 h6 19. Bxf6 Bxf6 20. e3 Bd7 21. Qd1 Rxc1 22. Qxc1 Qc6 23. Nc3 b5 24. Qd2 Be7 25. Ne2 b4 1/2-1/2

[Event "SCS op"]
[Site "Bhubaneswar IND"]
[Date "2010.05.29"]
[Round "10"]
[White "Kravtsiv, Martyn"]
[Black "Kovalyov, Anton"]
[Result "1/2-1/2"]
[WhiteElo "2546"]
[BlackElo "2615"]
[PlyCount "58"]
[GameId "2129405078963577"]
[EventDate "2010.05.22"]
[EventType "swiss"]
[EventRounds "11"]
[EventCountry "IND"]
[SourceTitle "The Week in Chess 812"]
[Source "Mark Crowther"]
[SourceDate "2010.05.31"]
[SourceVersion "1"]
[SourceVersionDate "2010.05.30"]
[SourceQuality "2"]

1. e4 c5 2. Nf3 d6 3. d4 cxd4 4. Nxd4 Nf6 5. Nc3 a6 6. Bg5 Nbd7 7. Bc4 Qb6 8. Bb3 e6 9. O-O Be7 10. Nf3 O-O 11. Qe2 Qc7 12. a4 b6 13. Qc4 Qxc4 14. Bxc4 Bb7 15. Nd2 Rfc8 16. Bd3 h6 17. Bf4 g5 18. Be3 Ng4 19. Bd4 Nge5 20. Nb3 Nc4 21. Nd1 Bf6 22. f3 d5 23. exd5 Bxd5 24. Bxf6 Nxf6 25. Re1 Rc7 26. Nd4 Nd7 27. Bf1 Kg7 28. b3 Nce5 29. c4 Bb7 1/2-1/2

[Event "SCS op"]
[Site "Bhubaneswar IND"]
[Date "2010.05.30"]
[Round "11"]
[White "Kovalyov, Anton"]
[Black "Aleksandrov, Aleksej"]
[Result "1/2-1/2"]
[WhiteElo "2615"]
[BlackElo "2604"]
[PlyCount "46"]
[GameId "2129405078963602"]
[EventDate "2010.05.22"]
[EventType "swiss"]
[EventRounds "11"]
[EventCountry "IND"]
[SourceTitle "The Week in Chess 812"]
[Source "Mark Crowther"]
[SourceDate "2010.05.31"]
[SourceVersion "1"]
[SourceVersionDate "2010.05.30"]
[SourceQuality "2"]

1. c4 e6 2. g3 d5 3. Bg2 Nf6 4. Nf3 dxc4 5. Qa4+ c6 6. Qxc4 b5 7. Qc2 Bb7 8. a4 a6 9. Nc3 Nbd7 10. O-O Rc8 11. d3 Be7 12. h3 Nd5 13. Nxd5 cxd5 14. Qd1 b4 15. Bf4 O-O 16. d4 Qb6 17. Rc1 a5 18. b3 Rc3 19. Bd2 Rxc1 20. Qxc1 Ba6 21. Re1 Nf6 22. Qb2 Ne4 23. e3 Rc8 1/2-1/2

[Event "Commonwealth-ch"]
[Site "Delhi IND"]
[Date "2010.05.10"]
[Round "1"]
[White "Kovalyov, Anton"]
[Black "Siddarth, M."]
[Result "1-0"]
[WhiteElo "2615"]
[BlackElo "1961"]
[PlyCount "133"]
[GameId "2129405079100388"]
[EventDate "2010.05.10"]
[EventType "swiss"]
[EventRounds "11"]
[EventCountry "IND"]
[SourceTitle "The Week in Chess 809"]
[Source "Mark Crowther"]
[SourceDate "2010.05.10"]
[SourceVersion "1"]
[SourceVersionDate "2010.05.10"]
[SourceQuality "2"]

1. Nf3 Nf6 2. c4 g6 3. Nc3 Bg7 4. e4 d6 5. d4 O-O 6. Be2 e5 7. Be3 Ng4 8. Bg5 f6 9. Bh4 g5 10. Bg3 Nh6 11. dxe5 fxe5 12. h4 Nf7 13. hxg5 Nxg5 14. Nxg5 Qxg5 15. Nd5 Na6 16. Rh5 Qd8 17. Bh4 Qe8 18. Bg4 Rf7 19. Bxc8 Rxc8 20. Qg4 Kh8 21. Qg6 h6 22. Nf6 Rxf6 23. Rxh6+ Kg8 24. Bxf6 Qxg6 25. Rxg6 Kf7 26. Rxg7+ Kxf6 27. Rg4 Nc5 28. Ke2 Rh8 29. g3 Ne6 30. Rh4 Nd4+ 31. Kd3 Rf8 32. f4 Rg8 33. fxe5+ dxe5 34. Rf1+ Kg5 35. Rh7 Rd8 36. Ke3 Nc2+ 37. Ke2 Nd4+ 38. Kf2 Ne6 39. Kg2 Kg6 40. Re7 Rd6 41. Rf2 a5 42. b3 b6 43. Re8 c6 44. Rg8+ Kh7 45. Rg4 Nc5 46. Kf1 Rd1+ 47. Ke2 Rh1 48. Ke3 Re1+ 49. Kf3 Rh1 50. Rh4+ Rxh4 51. gxh4 Kg6 52. Ke3 Nd7 53. Rf5 b5 54. cxb5 cxb5 55. Kf3 b4 56. Kg4 Kg7 57. Kg5 a4 58. bxa4 Nc5 59. Rxe5 Nxa4 60. Re7+ Kf8 61. Ra7 Nc3 62. e5 Ne4+ 63. Kg6 Nc5 64. h5 Ne6 65. Kf6 Nd8 66. Ra8 Ke8 67. e6 1-0

[Event "Commonwealth-ch"]
[Site "Delhi IND"]
[Date "2010.05.10"]
[Round "2"]
[White "Gurpreet, Pal Singh"]
[Black "Kovalyov, Anton"]
[Result "1/2-1/2"]
[WhiteElo "2227"]
[BlackElo "2615"]
[PlyCount "118"]
[GameId "2129405079100419"]
[EventDate "2010.05.10"]
[EventType "swiss"]
[EventRounds "11"]
[EventCountry "IND"]
[SourceTitle "The Week in Chess 809"]
[Source "Mark Crowther"]
[SourceDate "2010.05.10"]
[SourceVersion "1"]
[SourceVersionDate "2010.05.10"]
[SourceQuality "2"]

1. e4 c5 2. Nc3 e6 3. g3 Nc6 4. Bg2 Nf6 5. d3 Be7 6. Nge2 O-O 7. O-O a6 8. h3 d6 9. Be3 Nd7 10. f4 b5 11. Qd2 b4 12. Nd1 Bb7 13. Nf2 Nb6 14. g4 d5 15. f5 d4 16. Bf4 e5 17. Bg3 c4 18. b3 Bg5 19. Qd1 c3 20. Kh2 a5 21. Ng1 f6 22. h4 Be3 23. Nf3 a4 24. g5 axb3 25. axb3 Rxa1 26. Qxa1 fxg5 27. hxg5 Bxg5 28. Nxe5 Nxe5 29. Bxe5 Qe7 30. Bg3 Ra8 31. Qd1 Nd7 32. Nh3 Bf6 33. Nf4 Be5 34. Qg4 Nf6 35. Qg5 Bc8 36. Nh5 Bxg3+ 37. Nxg3 Ra2 38. Rf2 Qe5 39. Kg1 h6 40. Qh4 Bd7 41. Bf3 Be8 42. Kg2 Bf7 43. Bd1 Ra1 44. Bh5 Nxh5 45. Nxh5 Rd1 46. Nf4 Kh7 47. Qg4 Rd2 48. Kf3 Qc7 49. Ne6 Bxe6 50. Qg6+ Kh8 51. fxe6 Qe5 52. Qf7 Rxf2+ 53. Kxf2 Qh2+ 54. Kf3 Qxc2 55. Qf8+ Kh7 56. Qf5+ Kg8 57. Qf7+ Kh7 58. Qf5+ Kg8 59. Qf7+ Kh7 1/2-1/2

[Event "Commonwealth-ch"]
[Site "Delhi IND"]
[Date "2010.05.11"]
[Round "3"]
[White "Kovalyov, Anton"]
[Black "Singh, S Vikramjit"]
[Result "1/2-1/2"]
[WhiteElo "2615"]
[BlackElo "2218"]
[PlyCount "162"]
[GameId "2129405079100469"]
[EventDate "2010.05.10"]
[EventType "swiss"]
[EventRounds "11"]
[EventCountry "IND"]
[SourceTitle "The Week in Chess 810"]
[Source "Mark Crowther"]
[SourceDate "2010.05.17"]
[SourceVersion "1"]
[SourceVersionDate "2010.05.17"]
[SourceQuality "2"]

1. Nf3 d5 2. d4 c5 3. c4 cxd4 4. cxd5 Nf6 5. Nxd4 Nxd5 6. e4 Nc7 7. Nc3 e5 8. Qa4+ Bd7 9. Ndb5 Nc6 10. Bg5 f6 11. Be3 Ne6 12. Qd1 a6 13. Nd6+ Bxd6 14. Qxd6 Ncd4 15. O-O-O Rc8 16. Kb1 Bc6 17. Qxd8+ Rxd8 18. Bc4 Kd7 19. f4 Kc8 20. Bd5 Rhe8 21. f5 Nc7 22. Bxd4 exd4 23. Rxd4 Re5 24. Rc4 Bb5 25. Nxb5 axb5 26. Rc5 Kb8 27. Rd1 Nxd5 28. exd5 Rxf5 29. Rd2 b4 30. Kc2 b6 31. Rc6 Kb7 32. Re6 Rfxd5 33. Re7+ Kc6 34. Rxd5 Rxd5 35. Rxg7 h5 36. Re7 Kb5 37. Re4 Rg5 38. Re2 h4 39. Kd3 Rd5+ 40. Ke4 Rd1 41. Rf2 Ka4 42. Kf3 Ra1 43. Kg4 Rxa2 44. Kxh4 Kb3 45. Kg3 Rxb2 46. Rxf6 b5 47. h4 Rc2 48. h5 Rc8 49. Kh4 Kc3 50. Rf3+ Kc2 51. Rf5 Rb8 52. g4 b3 53. Rf2+ Kc3 54. h6 b2 55. Rf1 Ra8 56. Rb1 Ra1 57. h7 Rxb1 58. h8=Q+ Kc2 59. Qh7+ Kc1 60. Qh6+ Kc2 61. Qg6+ Kc1 62. Qg5+ Kc2 63. Qf5+ Kc1 64. Qc5+ Kd2 65. Qd4+ Kc2 66. Qe4+ Kc1 67. Qe3+ Kc2 68. Qe4+ Kc1 69. Qd3 Ra1 70. Qc3+ Kb1 71. g5 Ka2 72. Qa5+ Kb3 73. Qxb5+ Ka3 74. Qd3+ Ka2 75. Qc4+ Ka3 76. Qd3+ Ka2 77. Qd2 Kb3 78. Qd5+ Kc3 79. Qf3+ Kc2 80. Qg2+ Kc3 81. Qc6+ Kb3 1/2-1/2

[Event "Commonwealth-ch"]
[Site "Delhi IND"]
[Date "2010.05.12"]
[Round "4"]
[White "Kovalyov, Anton"]
[Black "Mitali, Madhukar Patil"]
[Result "1-0"]
[WhiteElo "2615"]
[BlackElo "2017"]
[PlyCount "145"]
[GameId "2129405079100510"]
[EventDate "2010.05.10"]
[EventType "swiss"]
[EventRounds "11"]
[EventCountry "IND"]
[SourceTitle "The Week in Chess 810"]
[Source "Mark Crowther"]
[SourceDate "2010.05.17"]
[SourceVersion "1"]
[SourceVersionDate "2010.05.17"]
[SourceQuality "2"]

1. d4 Nf6 2. c4 g6 3. Nf3 Bg7 4. Nc3 d6 5. e4 O-O 6. Be2 Bg4 7. Be3 Nfd7 8. Qd2 e5 9. d5 f5 10. Bg5 Nf6 11. Ng1 Bxe2 12. Ngxe2 f4 13. f3 h6 14. Bxf6 Qxf6 15. O-O-O Nd7 16. Kb1 a5 17. Nc1 a4 18. Nb5 Rfc8 19. Qb4 Bf8 20. Na3 Nb6 21. Nd3 Ra6 22. Qc3 c6 23. dxc6 bxc6 24. c5 dxc5 25. Qxe5 Qxe5 26. Nxe5 g5 27. Rc1 Ra5 28. Rc2 Bg7 29. Nec4 Nxc4 30. Nxc4 Ra7 31. Rd1 Bd4 32. Nd6 Rb8 33. Nf5 Be5 34. Rdd2 Rab7 35. Nd6 Rd7 36. Nc4 Bd4 37. Ne5 Rd6 38. Nxc6 Rb6 39. Nxd4 cxd4 40. Rc4 a3 41. b3 d3 42. Rc3 Rg6 43. h3 h5 44. Rcxd3 g4 45. hxg4 hxg4 46. Kc2 Rbc6+ 47. Rc3 Rce6 48. b4 gxf3 49. gxf3 Rg3 50. Rxa3 Rh6 51. b5 Rgg6 52. Rb3 Rb6 53. a4 Rh5 54. Kc3 Rc5+ 55. Kb4 Re5 56. Rd5 Ree6 57. a5 Rb8 58. b6 Rf6 59. Kc5 Rc8+ 60. Kb5 Rb8 61. Rc3 Rg6 62. Rdc5 Kh7 63. Rc7+ Kh6 64. R7c6 Rxc6 65. Rxc6+ Kg5 66. a6 Kh4 67. a7 Ra8 68. Rg6 Kh3 69. Ka6 Kh2 70. b7 Rxa7+ 71. Kxa7 Kh1 72. b8=Q Kh2 73. Qh8# 1-0

[Event "Commonwealth-ch"]
[Site "Delhi IND"]
[Date "2010.05.12"]
[Round "5"]
[White "De Villiers, Charles"]
[Black "Kovalyov, Anton"]
[Result "0-1"]
[WhiteElo "2284"]
[BlackElo "2615"]
[PlyCount "70"]
[GameId "2129405079100542"]
[EventDate "2010.05.10"]
[EventType "swiss"]
[EventRounds "11"]
[EventCountry "IND"]
[SourceTitle "The Week in Chess 810"]
[Source "Mark Crowther"]
[SourceDate "2010.05.17"]
[SourceVersion "1"]
[SourceVersionDate "2010.05.17"]
[SourceQuality "2"]

1. d4 Nf6 2. c4 e6 3. Nf3 b6 4. a3 Ba6 5. Qc2 Bb7 6. Nc3 c5 7. e4 cxd4 8. Nxd4 Bc5 9. Nb3 Nc6 10. Bg5 h6 11. Bh4 O-O 12. Rd1 Be7 13. Be2 Rc8 14. O-O Ba6 15. f4 e5 16. f5 d6 17. Bxf6 Bxf6 18. Kh1 Nb8 19. Nd2 Nd7 20. b4 Be7 21. Qb3 Nf6 22. Bd3 Ng4 23. Rf3 Bg5 24. Nf1 Qc7 25. h3 Nf6 26. Nb5 Bxb5 27. cxb5 d5 28. Ng3 Rfe8 29. Qb1 Bh4 30. Re1 Qd7 31. Rd1 Bxg3 32. Rxg3 dxe4 33. Bxe4 Qxb5 34. Rd6 Kh7 35. Qe1 Qc4 0-1

[Event "Commonwealth-ch"]
[Site "Delhi IND"]
[Date "2010.05.13"]
[Round "6"]
[White "Kovalyov, Anton"]
[Black "Narayanan, Srinath"]
[Result "1-0"]
[WhiteElo "2615"]
[BlackElo "2393"]
[PlyCount "97"]
[GameId "2129405079100590"]
[EventDate "2010.05.10"]
[EventType "swiss"]
[EventRounds "11"]
[EventCountry "IND"]
[SourceTitle "The Week in Chess 810"]
[Source "Mark Crowther"]
[SourceDate "2010.05.17"]
[SourceVersion "1"]
[SourceVersionDate "2010.05.17"]
[SourceQuality "2"]

1. Nf3 c5 2. c4 Nc6 3. Nc3 e5 4. g3 g6 5. Bg2 Bg7 6. a3 a5 7. d3 Nge7 8. Nd2 d6 9. Nf1 O-O 10. Ne3 Rb8 11. O-O Nd4 12. Ned5 Nxd5 13. Bxd5 b5 14. e3 b4 15. axb4 axb4 16. Ne4 Nf5 17. Nd2 Ne7 18. Bg2 Bb7 19. Bxb7 Rxb7 20. Qf3 d5 21. cxd5 Nxd5 22. Nb3 Rc7 23. Rd1 Qd6 24. e4 Nb6 25. Ra6 Ra8 26. Rxa8+ Nxa8 27. Be3 Nb6 28. Qe2 Bf8 29. Ra1 Qe6 30. Qc2 Rc8 31. Ra6 c4 32. Rxb6 cxb3 33. Qd1 Bd6 34. d4 Qe7 35. dxe5 Bxe5 36. Qxb3 Bd4 37. Rxb4 Bxe3 38. fxe3 Rc1+ 39. Kg2 Qd6 40. Rd4 Qa6 41. Qb8+ Kg7 42. Qe5+ f6 43. Qe7+ Kh6 44. Qf8+ Kh5 45. g4+ Kxg4 46. e5+ Kh5 47. Rh4+ Kxh4 48. Qh6+ Kg4 49. h3+ 1-0

[Event "Commonwealth-ch"]
[Site "Delhi IND"]
[Date "2010.05.15"]
[Round "8"]
[White "Kovalyov, Anton"]
[Black "Ankit, R Rajpara"]
[Result "1/2-1/2"]
[WhiteElo "2615"]
[BlackElo "2350"]
[PlyCount "78"]
[GameId "2129405079100676"]
[EventDate "2010.05.10"]
[EventType "swiss"]
[EventRounds "11"]
[EventCountry "IND"]
[SourceTitle "The Week in Chess 810"]
[Source "Mark Crowther"]
[SourceDate "2010.05.17"]
[SourceVersion "1"]
[SourceVersionDate "2010.05.17"]
[SourceQuality "2"]

1. d4 d5 2. c4 c6 3. Nf3 Nf6 4. e3 Bf5 5. Nc3 e6 6. Nh4 Bg6 7. Be2 Nbd7 8. Nxg6 hxg6 9. Bd2 Bd6 10. g3 Qe7 11. Qb3 Rb8 12. O-O dxc4 13. Qxc4 e5 14. Bf3 Nb6 15. Qd3 exd4 16. exd4 O-O 17. Bg5 Qd7 18. Rad1 Be7 19. Bf4 Bd6 20. Bg5 Be7 21. Rfe1 Rfe8 22. Kg2 Nfd5 23. Bc1 Nf6 24. h4 Rbd8 25. Qc2 Bf8 26. Ne2 Nbd5 27. Bg5 Be7 28. Nc1 Nh7 29. Bd2 Bb4 30. Bxb4 Nxb4 31. Qb3 Nd5 32. Nd3 Rxe1 33. Rxe1 Qc7 34. Nc5 b6 35. Nd3 Nf8 36. Bg4 Nf6 37. Bf3 Rxd4 38. Ne5 Rd6 39. Nc4 Rd8 1/2-1/2

[Event "Commonwealth-ch"]
[Site "Delhi IND"]
[Date "2010.05.16"]
[Round "9"]
[White "Matta, Vinay Kumar"]
[Black "Kovalyov, Anton"]
[Result "1-0"]
[WhiteElo "2256"]
[BlackElo "2615"]
[PlyCount "95"]
[GameId "2129405079158066"]
[EventDate "2010.05.10"]
[EventType "swiss"]
[EventRounds "11"]
[EventCountry "IND"]
[SourceTitle "The Week in Chess 810"]
[Source "Mark Crowther"]
[SourceDate "2010.05.17"]
[SourceVersion "1"]
[SourceVersionDate "2010.05.17"]
[SourceQuality "2"]

1. d4 Nf6 2. Nf3 e6 3. c4 b6 4. a3 Ba6 5. Qb3 Nc6 6. Qa4 Bb7 7. Nc3 Ne7 8. Bg5 Ng6 9. d5 Be7 10. Rd1 O-O 11. h4 Re8 12. h5 Nf8 13. h6 g6 14. Bf4 d6 15. e4 e5 16. Bc1 Bc8 17. Be2 Ng4 18. Nh2 Nxh2 19. Rxh2 Bd7 20. Qc2 c5 21. dxc6 Bxc6 22. Bg4 Ne6 23. Bxe6 fxe6 24. Qe2 Rf8 25. Rh3 Rf7 26. Qg4 Bd7 27. Rf3 Rxf3 28. gxf3 Rc8 29. b3 a6 30. Ne2 b5 31. cxb5 axb5 32. Bd2 Rc6 33. Qg3 Qf8 34. Bg5 Be8 35. f4 Bf6 36. Qh4 Bxg5 37. fxg5 Qf3 38. Ng1 Qg2 39. Ne2 Kf7 40. Rd3 d5 41. exd5 Rc2 42. dxe6+ Kxe6 43. Re3 Kf7 44. Rxe5 Bc6 45. Qf4+ Kg8 46. Ng3 Bd7 47. Re7 Qd5 48. Rg7+ 1-0

[Event "Commonwealth-ch"]
[Site "Delhi IND"]
[Date "2010.05.17"]
[Round "10"]
[White "Kulkarni, Bhakti"]
[Black "Kovalyov, Anton"]
[Result "0-1"]
[WhiteElo "2268"]
[BlackElo "2615"]
[PlyCount "80"]
[GameId "2129405079158099"]
[EventDate "2010.05.10"]
[EventType "swiss"]
[EventRounds "11"]
[EventCountry "IND"]
[SourceTitle "The Week in Chess 810"]
[Source "Mark Crowther"]
[SourceDate "2010.05.17"]
[SourceVersion "1"]
[SourceVersionDate "2010.05.17"]
[SourceQuality "2"]

1. d4 Nf6 2. c4 e6 3. Nc3 Bb4 4. Qc2 c5 5. dxc5 Bxc5 6. Nf3 Qc7 7. e3 b6 8. Be2 Bb7 9. a3 Be7 10. b3 O-O 11. Bb2 a6 12. O-O d6 13. Nd4 Nbd7 14. Bf3 Rac8 15. Rac1 Bxf3 16. Nxf3 Qb7 17. Qb1 Rc7 18. Rfd1 Rfc8 19. Nd4 Rc5 20. e4 Rh5 21. f3 Nf8 22. Nce2 Rhc5 23. Bc3 R5c7 24. Qb2 Ng6 25. Nc2 b5 26. cxb5 Qxb5 27. Ncd4 Qb6 28. Kh1 d5 29. exd5 Nxd5 30. Be1 Rxc1 31. Nxc1 Ne3 32. Rd2 Nf1 33. Rc2 Rxc2 34. Nxc2 Qd6 35. Kg1 Bf6 36. Qb1 Qxh2+ 37. Kxf1 Nf4 38. Ne3 Bd4 39. Ne2 Qh1+ 40. Ng1 Bxe3 0-1

[Event "Commonwealth-ch"]
[Site "Delhi IND"]
[Date "2010.05.18"]
[Round "11"]
[White "Kovalyov, Anton"]
[Black "Vaibhav, Suri"]
[Result "1/2-1/2"]
[WhiteElo "2615"]
[BlackElo "2347"]
[PlyCount "128"]
[GameId "2129405079158130"]
[EventDate "2010.05.10"]
[EventType "swiss"]
[EventRounds "11"]
[EventCountry "IND"]
[SourceTitle "The Week in Chess 811"]
[Source "Mark Crowther"]
[SourceDate "2010.05.24"]
[SourceVersion "1"]
[SourceVersionDate "2010.05.24"]
[SourceQuality "2"]

1. c4 e6 2. g3 Nf6 3. Bg2 d5 4. Nf3 dxc4 5. Qa4+ c6 6. Qxc4 b5 7. Qb3 Bb7 8. O-O Nbd7 9. d3 a6 10. Nc3 Be7 11. Bg5 O-O 12. a4 b4 13. Nd1 c5 14. Ne3 Nd5 15. Bxe7 Qxe7 16. Nc4 N5b6 17. Nfd2 Bd5 18. Rfc1 Nxc4 19. Nxc4 Ra7 20. Qd1 Bxc4 21. dxc4 a5 22. Qb3 Nf6 23. Bc6 Ra6 24. Qf3 Qc7 25. Bb5 Rd6 26. Rd1 Rfd8 27. Rxd6 Qxd6 28. Qb7 h5 29. Bc6 Qe5 30. Qb6 Rd2 31. Qxa5 Qxb2 32. Rf1 b3 33. Qb6 Qc2 34. a5 b2 35. a6 Rd1 36. Rxd1 Qxd1+ 37. Kg2 b1=Q 38. Qxb1 Qxb1 39. a7 Qc2 40. a8=Q+ Kh7 41. Qa7 Qxc4 42. Qxf7 Qxe2 43. Bf3 Qe5 44. Qb7 c4 45. Qa6 c3 46. Qd3+ Kh6 47. Kf1 Ng4 48. Bxg4 hxg4 49. Qc4 Kh5 50. Qd3 Kh6 51. Qc4 Qf6 52. Ke1 Kg5 53. Qc5+ Kg6 54. Qc4 Qe5+ 55. Kf1 Kh6 56. Qc6 Kg5 57. h4+ Kf6 58. Qc4 Qa5 59. Qd4+ Kf7 60. Qd7+ Kf6 61. Qd4+ Kf7 62. Qd7+ Kf8 63. Qd6+ Kf7 64. Qd7+ Kf6 1/2-1/2